MARC details
| 000 -LEADER |
| fixed length control field |
01711cam a2200469 a 4500 |
| 001 - CONTROL NUMBER |
| control field |
21600 |
| 003 - CONTROL NUMBER IDENTIFIER |
| control field |
VRT |
| 005 - DATE AND TIME OF LATEST TRANSACTION |
| control field |
20260306134712.0 |
| 008 - FIXED-LENGTH DATA ELEMENTS--GENERAL INFORMATION |
| fixed length control field |
160430s2015 xr a a 000 1 slo |
| 015 ## - NATIONAL BIBLIOGRAPHY NUMBER |
| National bibliography number |
SNBZSA2015 |
| 020 ## - INTERNATIONAL STANDARD BOOK NUMBER |
| International Standard Book Number |
9788000038858 (viaz.) |
| 039 #9 - LEVEL OF BIBLIOGRAPHIC CONTROL AND CODING DETAIL [OBSOLETE] |
| Level of rules in bibliographic description |
201702241244 |
| Level of effort used to assign nonsubject heading access points |
mvkhe01 |
| Level of effort used to assign subject headings |
201604300436 |
| Level of effort used to assign classification |
VLOAD |
| Level of effort used to assign subject headings |
201604292222 |
| Level of effort used to assign classification |
VLOAD |
| Level of effort used to assign subject headings |
201604261845 |
| Level of effort used to assign classification |
VLOAD |
| 040 ## - CATALOGING SOURCE |
| Original cataloging agency |
SNK |
| Language of cataloging |
slo |
| Transcribing agency |
SNK |
| Description conventions |
AACR2 |
| 041 1# - LANGUAGE CODE |
| Language code of text/sound track or separate title |
slo |
| Language code of original |
cze |
| 044 ## - COUNTRY OF PUBLISHING/PRODUCING ENTITY CODE |
| MARC country code |
xr |
| ISO country code |
CZ |
| 072 #7 - SUBJECT CATEGORY CODE |
| Subject category code |
821-93 |
| Subject category code subdivision |
Literatúra pre deti a mládež |
| Source |
konspekt |
| 072 #7 - SUBJECT CATEGORY CODE |
| Subject category code |
821.162.3 |
| Subject category code subdivision |
Česká literatúra |
| Source |
konspekt |
| 080 ## - UNIVERSAL DECIMAL CLASSIFICATION NUMBER |
| Universal Decimal Classification number |
821-93 |
| Edition identifier |
2001 |
| 080 ## - UNIVERSAL DECIMAL CLASSIFICATION NUMBER |
| Universal Decimal Classification number |
821.162.3-32 |
| Edition identifier |
2001 |
| 080 ## - UNIVERSAL DECIMAL CLASSIFICATION NUMBER |
| Universal Decimal Classification number |
(0:82-32) |
| Edition identifier |
2001 |
| 100 1# - MAIN ENTRY--PERSONAL NAME |
| Personal name |
Miler, Zdeněk, |
| Dates associated with a name |
1921-2011 |
| Relationship |
aut |
| -- |
ill |
| 245 10 - TITLE STATEMENT |
| Title |
Krtkov týždeň |
| Statement of responsibility, etc. |
Zdeněk Miler, Kateřina Miler, Michal Černík ;[ilustrácie Zdeněk Miler, Kateřina Miler ; verše Michal Černík ; do slovenčiny prebásnil Marián Heveši] |
| 250 ## - EDITION STATEMENT |
| Edition statement |
3. slov. vyd. |
| 260 ## - PUBLICATION, DISTRIBUTION, ETC. |
| Place of publication, distribution, etc. |
V Prahe |
| Name of publisher, distributor, etc. |
Albatros |
| Date of publication, distribution, etc. |
2015 |
| 300 ## - PHYSICAL DESCRIPTION |
| Extent |
[12] s. |
| Other physical details |
fareb. ilustr. |
| Dimensions |
15 x 16 cm |
| 500 ## - GENERAL NOTE |
| General note |
Kartonové listy |
| 500 ## - GENERAL NOTE |
| General note |
Obalový názov |
| 655 #7 - INDEX TERM--GENRE/FORM |
| Genre/form data or focus term |
leporelá |
| Source of term |
SNKPH |
| 655 #7 - INDEX TERM--GENRE/FORM |
| Genre/form data or focus term |
publikácie pre deti |
| Source of term |
SNKPH |
| 655 #7 - INDEX TERM--GENRE/FORM |
| Genre/form data or focus term |
Picture books for children |
| Source of term |
SNKPHeng |
| 655 #7 - INDEX TERM--GENRE/FORM |
| Genre/form data or focus term |
Children's literature |
| Source of term |
SNKPHeng |
| 655 #7 - INDEX TERM--GENRE/FORM |
| Genre/form data or focus term |
české príbehy |
| Source of term |
SNKPH |
| 655 #7 - INDEX TERM--GENRE/FORM |
| Genre/form data or focus term |
Czech stories |
| Source of term |
SNKPHeng |
| 700 1# - ADDED ENTRY--PERSONAL NAME |
| Personal name |
Černík, Michal, |
| Dates associated with a name |
1943- |
| Relationship |
aut |
| -- |
ill |
| 700 1# - ADDED ENTRY--PERSONAL NAME |
| Personal name |
Heveši, Marián, |
| Dates associated with a name |
1947- |
| Relationship |
trl |
| 700 1# - ADDED ENTRY--PERSONAL NAME |
| Personal name |
Miler, Kateřina |
| Relationship |
aut |
| -- |
ill |
| 752 ## - ADDED ENTRY--HIERARCHICAL PLACE NAME |
| Country or larger entity |
Česko |
| City |
Praha |
| 910 ## - USER-OPTION DATA (OCLC) |
| User-option data |
snk |
| 910 ## - USER-OPTION DATA (OCLC) |
| User-option data |
hevk |
| 942 ## - ADDED ENTRY ELEMENTS (KOHA) |
| Source of classification or shelving scheme |
Dewey Decimal Classification |
| Koha item type |
Krásna literatúra pre deti |
| Suppress in OPAC |
No |
| 949 ## - LOCAL PROCESSING INFORMATION (OCLC) |
| 6 |
17A1167401 |
| a |
snkOSE 5053 |
| b |
snk2015/18846 |
| o |
Vydavatelství a nakladatelství Aleš Čeněk30-ah/17Int. č. fa – 25/2015 |